=LDR 00000nam 2200000 4500 =001 INLIS000000000059090 =990 ##$$a 3202102324 =990 ##$$a 3202102324 =005 20211025073004 =035 ##$$a 0010-1021000538 =007 ta =008 211025###########################0#ind## =020 ##$$a 978-979-769-311-4 =082 ##$$a 342.7 =084 ##$$a 342.7 Moh m =245 1#$$a Membangun Politik Hukum, Menegakkan Konstitusi /$c Moh. Mahfud MD =250 ##$$a cet 3 =300 ##$$a 293 halaman : $b Ilustrasi ; $c 22 cm =650 #4$$a Hukum Konstitusi - Administrasi =264 ##$$a jakarta :$b Rajawali Press,$c 2012 =336 ##$$a teks$2 rdacontent =337 ##$$a lain-lain$2 rdamedia =338 ##$$a lain-lain$2 rdacarrier =990 ##$$a 23242324 =990 ##$$a 24662466